01305 a2200217 45000010006000000050017000060080041000230030015000640400040000790800045001192450142001640200022003062640051003283000019003795050511003980410008009091000022009177000011009397000038009508560099009884595820260407155732.0260407a arg spa d AR-UNSa-BCEJYS aAR-UNSa-BCEJYSbspacAR-UNSa-BCEJYS a342.7-055.15xDerechos de los niños/as10aDerechos de la niñez e inversión socialpprofundizando compromisos de la UNC respecto de los derechos de niños, niñas y jóvenes a978-950-33-0777-9 1aCórdoba :bUniversidad Nacional de Córdoba a215 p.c15 cm. a1. Elementos teóricos para el análisis / María Inés Laje y María Romina Cristini – 2. Gasto Público destinado a la niñez en la Provincia de Córdoba / Juan José Pompilio Sartori – 3. Indicadores e impacto social según el enfoque de derechos / María Inés Laje, Analía Pumo y María Romina Cristini – 4. Los niños, sujetos de discursos / Ana Beatriz Ammann – 5. Reflexiones finales / Cecilia Berra, Juan José Pompilio Sartori, María Inés Laje y Ana Beatriz Ammann -  aspa1 aFundación Arcor1 aUNICEF1 aUniversidad Nacional de Córdoba41uhttps://www.biblioeco.unsa.edu.ar/pmb/images/libros/L127247.jpgyImagen de portadaqimage/jpeg